| 000 | 00791nas a2200253 4500 | ||
|---|---|---|---|
| 001 | BR9406363 | ||
| 003 | BR-BrBNA | ||
| 005 | 20231205093752.0 | ||
| 007 | ta | ||
| 008 | 230509b bl.|||p| |||| 00| 00por d | ||
| 040 |
_aBR-BrBNA _bpor _cBiblioteca Nacional de Agricultura |
||
| 041 | _a(Pt) | ||
| 072 | _aQ52; F04 | ||
| 100 | 1 | _aReis, R.A. | |
| 100 | 1 | _aRodrigues, L.R. de A. | |
| 245 | 1 | _aAvaliacao da qualidade da forragem do capim-elefante CV. Taiwan A-148 colhido apos o florescimento e submetido a amonizacao | |
| 650 | _aCapim Elefante | ||
| 650 | _aForragem | ||
| 650 | _aFloracao | ||
| 650 | _aAmonia | ||
| 773 | 0 |
_tArs Veterinaria (Brazil) _xISSN 0102-6380 _g(Dec 1991), v. 7(2) p. 151-159 _wBR9406363 |
|
| 909 |
_a202311 _bLúcia _c55 _dLúcia Elande |
||
| 942 |
_2AGRIS _n0 _cANA |
||
| 999 |
_c140310 _d140310 |
||